[Event "AUTO-BEG-322"]
[Site "http://www.queenalice.com/game.php?id=653181"]
[Date "2009.9.16"]
[Round "2"]
[White "noopy"]
[Black "Rgriff15"]
[Result "1-0"]
[WhiteElo "1557"]
[BlackElo "1485"]

1. a3 e5 2. e4 Nf6 3. Nf3 d6 4. h3 Nxe4 5. d3 Nc5 6. b4 Ncd7 7. Bb2 g6 8. d4 Bg7
9. Nbd2 O-O 10. h4 Nc6 11. d5 Nd4 12. c3 Nxf3+ 13. Qxf3 1-0

[Event "AUTO-BEG-322"]
[Site "http://www.queenalice.com/game.php?id=653182"]
[Date "2009.9.16"]
[Round "2"]
[White "Rgriff15"]
[Black "noopy"]
[Result "0-1"]
[WhiteElo "1472"]
[BlackElo "1570"]

1. e4 b6 2. d4 d5 3. e5 e6 4. c3 g6 5. Bb5+ Bd7 6. Bxd7+ Nxd7 7. g3 c5 8. Nf3
cxd4 9. cxd4 b5 10. Ng5 Bh6 11. Qg4 Rc8 12. Nc3 Qa5 13. Nxf7 Kxf7 14. Bxh6 Nxh6
0-1

[Event "QA-ANNIV-05"]
[Site "http://www.queenalice.com/game.php?id=654290"]
[Date "2009.9.18"]
[Round "2"]
[White "The_Searcher"]
[Black "Rgriff15"]
[Result "1-0"]
[WhiteElo "1333"]
[BlackElo "1510"]

1. e4 c5 2. Nf3 d6 3. d3 Nc6 4. Nc3 Nf6 5. Bg5 Bg4 6. h3 Bxf3 7. Qxf3 Nd4 8. Qd1
Qb6 9. Nd5 Nxd5 10. exd5 Qxb2 11. c4 1-0

[Event "AUTO-OPEN-1613"]
[Site "http://www.queenalice.com/game.php?id=654749"]
[Date "2009.9.19"]
[Round "2"]
[White "rob0330"]
[Black "Rgriff15"]
[Result "1-0"]
[WhiteElo "1790"]
[BlackElo "1457"]

1. b3 e5 2. Bb2 Nc6 3. e3 Nf6 4. Bb5 d6 5. Ne2 Bd7 6. O-O g6 7. f4 exf4 8. Rxf4
Bg7 9. Bxf6 Bxf6 10. Nbc3 O-O 11. Qf1 Kg7 12. Rd1 a6 13. Bxc6 1-0

[Event "AUTO-OPEN-1613"]
[Site "http://www.queenalice.com/game.php?id=654750"]
[Date "2009.9.19"]
[Round "2"]
[White "Rgriff15"]
[Black "rob0330"]
[Result "0-1"]
[WhiteElo "1460"]
[BlackElo "1787"]

1. e4 e5 2. Nf3 Nc6 3. Bb5 a6 4. Bxc6 dxc6 5. Nxe5 Qe7 6. d4 f6 7. Qh5+ g6 8.
Nxg6 Qxe4+ 9. Be3 Qxg6 10. Qxg6+ hxg6 11. O-O Bf5 12. Re1 O-O-O 0-1

[Event "AUTO-OPEN-1613"]
[Site "http://www.queenalice.com/game.php?id=654757"]
[Date "2009.9.19"]
[Round "2"]
[White "Rgriff15"]
[Black "Pato"]
[Result "0-1"]
[WhiteElo "1487"]
[BlackElo "2061"]

1. e4 Nc6 2. Nf3 d6 3. d4 Bg4 4. c3 Bxf3 5. gxf3 Nf6 6. Bg5 e6 7. Nd2 Be7 8. Bh3
Nd7 9. f4 Bxg5 10. fxg5 Qxg5 11. Qg4 Qxg4 12. Bxg4 Nf6 13. Rg1 Nxg4 0-1

[Event "AUTO-OPEN-1613"]
[Site "http://www.queenalice.com/game.php?id=654758"]
[Date "2009.9.19"]
[Round "2"]
[White "Pato"]
[Black "Rgriff15"]
[Result "1-0"]
[WhiteElo "2075"]
[BlackElo "1512"]

1. e4 c5 2. d4 cxd4 3. c3 Nf6 4. e5 Nd5 5. Bc4 Qc7 6. Qe2 Nb6 7. Bb3 d3 8. Qe4
Nc6 9. f4 Na5 10. Nf3 d6 11. e6 Nxb3 12. exf7+ Kxf7 13. axb3 Be6 14. Ng5+ Kf6
15. Qxe6# 1-0

[Event "Challenge"]
[Site "http://www.queenalice.com/game.php?id=764662"]
[Date "2010.4.22"]
[Round "-"]
[White "saruman"]
[Black "Rgriff15"]
[Result "1-0"]
[WhiteElo "1493"]
[BlackElo "1507"]

1. d4 Nf6 2. Nc3 d5 3. Bf4 g6 4. Nb5 Qd7 5. Nxc7+ Kd8 6. Nxa8 Nc6 7. e3 e6 8. a3
h6 9. h4 Bd6 10. Qf3 Bxf4 11. Qxf4 Nh5 12. Qf3 a6 13. g4 Ng7 14. Qf6+ 1-0

[Event "Challenge"]
[Site "http://www.queenalice.com/game.php?id=764663"]
[Date "2010.4.22"]
[Round "-"]
[White "AuntieRenie"]
[Black "Rgriff15"]
[Result "1-0"]
[WhiteElo "1548"]
[BlackElo "1511"]

1. c4 e5 2. Nc3 Nf6 3. d3 Bb4 4. Bd2 Bxc3 5. Bxc3 d6 6. g3 c6 7. Bg2 Qb6 8. Nf3
Ng4 9. d4 exd4 10. Bxd4 Qb4+ 11. Bc3 Qc5 12. e3 f6 13. h3 Nxe3 14. fxe3 Qxe3+
15. Qe2 Qxe2+ 16. Kxe2 Bf5 17. Rad1 Be6 18. b3 d5 19. Nd4 Bd7 20. Rhe1 dxc4 21.
Kf1+ Kf7 22. bxc4 Na6 23. Re3 Rae8 24. Red3 Nc5 25. R3d2 b6 26. Nb3 Nxb3 27.
axb3 Bc8 28. Bxc6 Bxh3+ 29. Kf2 Re7 30. Rh1 Bg4 31. Bd5+ Kg6 32. Rh4 Kg5 33. Rd4
Re2+ 34. Kf1 f5 35. Rdxg4+ fxg4 36. Kxe2 Re8+ 37. Kd2 h5 38. Bf7 Rd8+ 39. Kc2 g6
40. Bb4 Rd7 41. Be6 Rd4 42. Bc3 Re4 43. Bd2+ Kf6 44. Bd5 Re2 45. Rh1 Kf5 46.
Rf1+ Ke5 47. Bf7 Rg2 48. Bxg6 Rxg3 49. Bxh5 Rg2 50. Kc3 1-0

[Event "Challenge"]
[Site "http://www.queenalice.com/game.php?id=764664"]
[Date "2010.4.22"]
[Round "-"]
[White "Sonia"]
[Black "Rgriff15"]
[Result "0-1"]
[WhiteElo "1605"]
[BlackElo "1490"]

1. e4 c5 2. c4 Nc6 3. Nf3 f6 4. a3 e5 5. d3 d6 6. h3 Be6 7. Nc3 a6 8. Be2 h5 9.
Nh4 Nge7 10. Bxh5+ g6 11. Bxg6+ Nxg6 12. Nxg6 Rh7 13. Qf3 Nd4 14. Qg3 Nc2+ 15.
Kd1 Nxa1 16. Nxf8 Kxf8 17. Qg6 Rf7 18. Bh6+ Ke7 19. Ke2 Nc2 20. Kd2 Nd4 21. Ke3
Qg8 22. Qxg8 Rxg8 23. g4 Rh7 24. g5 fxg5 25. Bxg5+ Rxg5 26. h4 Rg4 27. h5 Rh6
28. f3 Rg3 29. Nd5+ Bxd5 30. cxd5 Rxf3+ 31. Kd2 Rf2+ 32. Kd1 Rxb2 33. Kc1 Rg2
34. Kb1 Rf6 35. h6 Rff2 36. h7 Nb3 0-1

[Event "Challenge"]
[Site "http://www.queenalice.com/game.php?id=764666"]
[Date "2010.4.22"]
[Round "-"]
[White "BrooklynBenjamin"]
[Black "Rgriff15"]
[Result "0-1"]
[WhiteElo "1539"]
[BlackElo "1489"]

1. c4 e5 2. Nc3 Nf6 3. g3 b6 4. Bg2 c6 5. e4 Bc5 6. Nf3 d6 7. O-O Be6 8. b3 Ng4
9. Ng5 Qxg5 10. d4 Qh5 11. h3 Bxd4 12. Qd2 Nxf2 13. Rxf2 Bxf2+ 14. Qxf2 Bxh3 0-1

[Event "AUTO-INT-1680"]
[Site "http://www.queenalice.com/game.php?id=764793"]
[Date "2010.4.22"]
[Round "1"]
[White "CountGrobula"]
[Black "Rgriff15"]
[Result "0-1"]
[WhiteElo "1454"]
[BlackElo "1497"]

1. d4 Nf6 2. e3 g6 3. Bd3 d5 4. Nf3 Bg4 5. Nbd2 Ne4 6. Nxe4 Bxf3 7. Nf6+ exf6 8.
Qxf3 f5 9. O-O c6 10. Bd2 Nd7 11. c4 Nf6 12. c5 Nh5 13. Qh3 Qf6 14. f3 Bxc5 15.
dxc5 Qxb2 16. Rfd1 Qa3 17. Be2 Qxc5 18. Rac1 Qb6 19. Kf1 O-O-O 20. g4 fxg4 21.
Qxg4+ f5 22. Qg5 Qc7 23. Kg1 Qf7 24. Bc3 Rhe8 25. Bd4 Kb8 26. Bf1 Qe7 27. Qg2
Rc8 28. Rb1 b5 29. Qd2 Qg5+ 30. Qg2 Qxg2+ 31. Bxg2 Kb7 32. a4 a6 33. axb5 axb5
0-1

[Event "AUTO-INT-1680"]
[Site "http://www.queenalice.com/game.php?id=764794"]
[Date "2010.4.22"]
[Round "1"]
[White "Rgriff15"]
[Black "CountGrobula"]
[Result "0-1"]
[WhiteElo "1511"]
[BlackElo "1384"]

1. e4 g5 2. c4 g4 3. Qxg4 d5 4. Qe2 dxe4 5. Qxe4 Nf6 6. Qd3 Qxd3 7. Bxd3 Rg8 8.
g3 Nc6 9. f3 Bg7 10. Ne2 Be6 11. a3 Ne5 12. Nf4 Nxf3+ 13. Kf2 Ne5 14. b3 Nfg4+
15. Ke2 Nxd3 16. Nc3 Nxf4+ 0-1

[Event "AUTO-INT-1680"]
[Site "http://www.queenalice.com/game.php?id=764809"]
[Date "2010.4.22"]
[Round "1"]
[White "Adinirso"]
[Black "Rgriff15"]
[Result "1-0"]
[WhiteElo "1738"]
[BlackElo "1527"]

1. e4 e5 2. c4 Nf6 3. d3 d6 4. Nc3 Bd7 5. h3 c5 6. Nf3 h6 7. Be3 a6 8. b3 b5 9.
Be2 Qa5 10. Bd2 b4 11. Nd5 Nxd5 12. exd5 Be7 13. O-O Bf5 14. g4 Bg6 15. Re1 Nd7
16. Kg2 e4 17. dxe4 Bxe4 18. Bf4 Bxf3+ 19. Bxf3 Qc7 20. Qe2 Ne5 21. Bxe5 dxe5
22. Qxe5 Qxe5 23. Rxe5 Kd7 24. Rae1 Bd6 25. Rf5 Rhf8 26. Re3 Rae8 27. Rxe8 Kxe8
28. Be2 f6 29. Rf3 Kf7 30. h4 g6 31. Bd3 Kg7 32. Be4 a5 33. Kh3 Re8 34. Re3 Bf4
35. Re2 Bd6 36. f3 Re7 37. Rf2 Bf4 38. Rg2 Bd6 39. g5 hxg5 40. hxg5 f5 41. Bd3
1-0

[Event "AUTO-INT-1680"]
[Site "http://www.queenalice.com/game.php?id=764810"]
[Date "2010.4.22"]
[Round "1"]
[White "Rgriff15"]
[Black "Adinirso"]
[Result "0-1"]
[WhiteElo "1519"]
[BlackElo "1746"]

1. e4 e5 2. Nf3 d6 3. d4 exd4 4. Nxd4 c5 5. Bb5+ Nd7 6. Bxd7+ Bxd7 7. Nf3 Nf6 8.
Bg5 h6 9. Bxf6 Qxf6 10. c3 Be7 11. Qd5 Bc6 12. Qf5 O-O 13. Nbd2 Qxf5 14. exf5
Rfe8 15. O-O-O b5 16. Rhe1 Bxf3 17. Nxf3 c4 18. h4 Rad8 19. g3 a6 20. Nd4 Kf8
21. Nc6 Rd7 22. Nxe7 Rexe7 23. Rxe7 Kxe7 24. b3 cxb3 25. axb3 f6 26. h5 Rc7 27.
Rd3 b4 28. Re3+ Kf7 29. Kb2 bxc3+ 30. Rxc3 Rxc3 31. Kxc3 Ke7 32. Kc4 Kd7 33. Kd5
a5 34. g4 Kc7 35. f4 Kd7 36. g5 Ke7 37. Kc6 fxg5 38. fxg5 hxg5 39. Kd5 g4 40.
Ke4 Kf6 0-1

[Event "AUTO-INT-1680"]
[Site "http://www.queenalice.com/game.php?id=764821"]
[Date "2010.4.22"]
[Round "1"]
[White "Rgriff15"]
[Black "wladimir"]
[Result "1-0"]
[WhiteElo "1496"]
[BlackElo "1565"]

1. e4 e5 2. Nf3 Nc6 3. Bb5 Bc5 4. c3 Nf6 5. d3 Ng4 6. O-O h6 7. Bxc6 O-O 8. Bd5
b6 9. Bxa8 c6 10. d4 Ba6 11. Re1 exd4 12. Nxd4 Ne5 13. Nxc6 dxc6 14. Qxd8 Rxd8
15. b4 Ng4 16. bxc5 Rxa8 17. cxb6 axb6 18. e5 Rd8 19. h3 Nxe5 20. Bf4 Nd3 21.
Rd1 g5 22. Bc7 Rd5 23. Bxb6 Rf5 24. Na3 Nxf2 25. Bxf2 h5 26. Rd6 Bb5 27. Bd4 h4
28. Rh6 Kf8 29. Re1 f6 30. Bxf6 Ba4 31. Rh8+ Kf7 32. Bd8 Kg6 33. Re7 Rf6 34.
Rg8+ Kf5 35. Bc7 Bb5 36. Nc2 Bc4 37. Ne3# 1-0

[Event "Let's Play Chess!"]
[Site "http://www.queenalice.com/game.php?id=769629"]
[Date "2010.5.2"]
[Round "-"]
[White "elche"]
[Black "Rgriff15"]
[Result "1/2-1/2"]
[WhiteElo "1818"]
[BlackElo "1515"]

1. e4 e5 2. Nf3 Nc6 3. d4 exd4 4. Nxd4 Bc5 5. Nxc6 Qf6 6. Be3 Bxe3 7. fxe3 Qh4+
8. Kd2 Qxe4 9. Nd4 d6 10. Qf3 Qxf3 11. Nxf3 Nf6 12. Nc3 c6 13. h3 b5 14. Bd3 h6
15. Ne4 Nxe4+ 16. Bxe4 Bd7 17. Nd4 d5 18. Bf5 Bxf5 19. Nxf5 g6 20. Nd6+ Ke7 21.
Nb7 Rab8 22. Na5 Kd6 23. b4 f5 24. Rhf1 h5 25. Nb3 Rhe8 26. Nc5 h4 27. Rf4 Rh8
28. Nd3 Rbe8 29. Nc5 Re7 30. a4 a6 31. axb5 axb5 32. Kd3 Rf7 33. c3 g5 34. Rf3
Ke5 35. Ra6 Rc8 36. Rb6 f4 37. exf4+ Rxf4 38. Re3+ Kd6 39. g3 hxg3 40. Rxg3 Rc7
41. Nb7+ Ke5 42. Re3+ Re4 43. Rxe4+ dxe4+ 44. Ke3 Rh7 45. Rxc6 Rxh3+ 46. Kd2 e3+
47. Ke2 g4 48. Rg6 Kf5 49. Rb6 Kf4 50. Rf6+ Ke5 51. Rg6 Kf5 52. Rg8 Kf4 53. Nd6
Rh2+ 54. Ke1 Kf3 55. Rf8+ Kg3 56. Nf5+ Kf3 57. Nh4+ Kg3 58. Nf5+ Kf3 1/2-1/2

[Event "Challenge"]
[Site "http://www.queenalice.com/game.php?id=779591"]
[Date "2010.5.23"]
[Round "-"]
[White "Rgriff15"]
[Black "Sonia"]
[Result "0-1"]
[WhiteElo "1512"]
[BlackElo "1529"]

1. e4 e5 2. Nf3 Qf6 3. Bc4 d6 4. d3 a6 5. Ng5 Nh6 6. Nf3 b5 7. Bg5 Qg6 8. Bb3
Nc6 9. Bd5 Bb7 10. Bxc6+ Bxc6 11. h3 Ng8 12. Nc3 f6 13. Qd2 O-O-O 14. b4 Be7 15.
a4 fxg5 16. axb5 Bxb5 17. Nxb5 axb5 18. Qe3 Kd7 19. g4 Nh6 20. Ra7 Qe6 21. Nxg5
Bxg5 22. Qxg5 Rhg8 23. f3 Nf7 0-1